000 00946nam a22002417a 4500
005 20100727163120.0
010 _aENG-96913
020 _a9788125031871
_c235.00
020 _a8125031871
_c235.00
035 _aEN-80446
037 _bDBAD/PUB
082 _a863.4
245 _aTowards freedom :
_bcritical essays on Rabindranath Tagore's ghare baire/the home and the world /
_cedited by Saswati Sengupta, Shampa Roy [and] Sharmila purkayastha
260 _aNew Delhi
_bOrient Longman
_c2007
270 _a1/24 Asaf Ali Road,
_bNew Delhi
_e110002
300 _axii, 207p.
_c22cm, (pbk)
500 _aincludes bibliography and index
700 _aSengupta, Saswati
_91952
700 _aRoy, Shampa
_91953
700 _aPurkayastha, Sharmila
_91954
942 _2ddc
_cEN
_h863.4
_mTOW
999 _c37997
_d37997